Score 0/28 Timer 09:00
0 Plays Today
% Correct
Superman
98.3%
Dumbo
95.6%
The Polar Express
90.1%
Night at the Museum
87.3%
Speed
86.1%
Spider-Man 2
85.1%
The Lone Ranger
79.7%
Schindler's List
72.2%
Stand by Me
71.5%
Slumdog Millionaire
69.1%
Trainspotting
66.6%
Skyfall
66.4%
Ghost
65.7%
Harry Potter and the Chamber of Secrets
62.4%
% Correct
Back to the Future Part III
55.9%
The Hunger Games: Catching Fire
51.2%
Hugo
49.5%
Risky Business
48.8%
The Warriors
47.3%
Spirited Away
46.3%
The Sting
44.1%
North by Northwest
42.8%
Fast Five
41.6%
Indiana Jones and the Last Crusade
39.1%
The Tourist
38.9%
Unstoppable
32.3%
The Darjeeling Limited
31.3%
Source Code
28.2%
Remove Ads.
Support Sporcle.
Get the best of Sporcle when you Go Orange. This ad-free experience offers more features, more stats, and more fun while also helping to support Sporcle. Thank you for becoming a member.

You're not logged in!

Compare scores with friends on all Sporcle quizzes.
OR
Log In

Show Comments

Extras

Top Quizzes Today


Score Distribution

Your Account Isn't Verified!

In order to create a playlist on Sporcle, you need to verify the email address you used during registration. Go to your Sporcle Settings to finish the process.

Report this User

Report this user for behavior that violates our Community Guidelines.

Details: